00362nam a2200157Ia 4500008004100000041000800041100000900049245004400058260002800102300000900130365000700139520001200146520001500158650001200173999001900185230605s2006 xx 000 0 und d aeng aRyan aRecreational tourism demand and lmpacts bViva books Mumbaic2006 a358p h20 aGeneral aHard Board aTourism c421242d421242